000 00846nam a2200265 a 4500
001 75095
003 BD-RjUL
005 20211209082637.0
008 760120s1949 enka 000 0 eng
035 _a(BD-RjUL)75313
035 _a(OCoLC)1937413
040 _aDLC
_cCtY
_dDLC
_dBD-RjUL
_beng
041 _aeng
042 _apremarc
082 _223
_a796.522
_bSMM 1949
100 1 _aSmythe, F. S.
_q(Francis Sydney),
_d1900-1949.
_9227156
245 1 0 _aMountains in colour /
_cF. S. Smythe; With 57 colour photos. by the author.
260 _aLondon :
_bParrish,
_c1949
300 _a155 p. :
_bcol. illus.
_c29 cm.
500 _aAmerican ed. (New York, Chanticleer Press) has title : Behold the mountains.
650 0 _aMountaineering
_vPictorial works.
_9227157
942 _2ddc
_cBK
999 _c75095
_d75095